000 00378nam a2200157Ia 4500
005 20240807062114.0
008 240806s9999||||xx |||||||||||||| ||eng||
041 _aeng
082 _a909.07
_bMISP
100 _aDr. Rajchtra Mishra
245 0 _aPrachin sabhyataye /
_cDr. Rajchtra Mishra
260 _bVimal Pra. Alld
300 _a248
650 _aAnc. History
942 _cBK
999 _c8581
_d8581